|
|
|
|
| LEADER |
00000nam0a2200000 4500 |
| 001 |
272253 |
| 005 |
20231101234521.0 |
| 035 |
|
|
|a (RuTPU)RU\TPU\book\295459
|
| 090 |
|
|
|a 272253
|
| 100 |
|
|
|a 20141016d1987 km y0rusy50 ca
|
| 101 |
0 |
|
|a rus
|
| 102 |
|
|
|a BY
|
| 105 |
|
|
|a a z 001zy
|
| 200 |
1 |
|
|a Ряд волшебных изменений. Рассказы о фазовых переходах первого рода
|f Э. Т. Соколов
|
| 210 |
|
|
|a Минск
|c Вышэйшая школа
|d 1987
|
| 215 |
|
|
|a 224 с.
|c ил.
|
| 225 |
1 |
|
|a Мир занимательной науки
|
| 320 |
|
|
|a Именной указатель: с. 212-223
|
| 606 |
1 |
|
|a Фазовые переходы
|2 stltpush
|3 (RuTPU)RU\TPU\subj\60501
|9 77783
|
| 610 |
1 |
|
|a теплофизика
|
| 610 |
1 |
|
|a фазовые переходы первого рода
|
| 610 |
1 |
|
|a плавление
|
| 610 |
1 |
|
|a кристаллизация
|
| 610 |
1 |
|
|a испарение
|
| 610 |
1 |
|
|a конденсация
|
| 610 |
1 |
|
|a кинетика
|
| 610 |
1 |
|
|a термодинамика
|
| 675 |
|
|
|a 536.42
|v 4
|
| 700 |
|
1 |
|a Соколов
|b Э. Т.
|g Эдгар Терентьевич
|
| 801 |
|
1 |
|a RU
|b 63413507
|c 20141016
|
| 801 |
|
2 |
|a RU
|b 63413507
|c 20170315
|g RCR
|
| 942 |
|
|
|c BK
|